The forced of franchise : (Record no. 10396)

MARC details
000 -LEADER
fixed length control field 00414nam a2200133 a 4500
100 1# - MAIN ENTRY--AUTHOR NAME
Personal name Khayal, Ghulam Nabi.
245 10 - TITLE STATEMENT
Title The forced of franchise :
260 ## - PUBLICATION, DISTRIBUTION, ETC. (IMPRINT)
Place of publication [S.l.] :
Name of publisher Kashmir writters,
Year of publication 1991.
300 ## - PHYSICAL DESCRIPTION
Number of Pages 51 p.
856 40 - ELECTRONIC LOCATION AND ACCESS
Uniform Resource Identifier http://www.amazon.com/exec/obidos/ASIN/chopaconline-20
Holdings
Withdrawn status Lost status Home library Current library Date acquired Full call number Accession Number Koha item type
    Central Library, QUEST, Nawabshah Central Library, QUEST, Nawabshah 25/09/2014 KHA D1073 Books